| 000 | 00464nam a22001697a 4500 | ||
|---|---|---|---|
| 005 | 20231023084904.0 | ||
| 008 | 231023b |||||||| |||| 00| 0 eng d | ||
| 020 | _a0409035327 | ||
| 041 | _aEnglish | ||
| 082 | _a158 KIN | ||
| 100 |
_aKing AG _lEnglish |
||
| 245 |
_aEffective Communication / _cAG King |
||
| 260 |
_aDurban _bButterworths _c1999 |
||
| 300 |
_bxi, 79 pages _c25 cm. |
||
| 650 |
_aLegal practice _bLaw |
||
| 942 |
_cBK _6ALISON_B_N__VRIES |
||
| 999 |
_c12 _d12 |
||